| Tag |
First Indicator |
Second Indicator |
Subfields |
| LEADER |
00000cam a22000001a 4500 |
| 001 |
in00003662841 |
| 006 |
m o d f |
| 007 |
cr bn mmmapmmp |
| 008 |
030810s1915 dcu o f001 0 eng d |
| 005 |
20260611190041.9 |
| 035 |
|
|
|a ebd191002594
|
| 040 |
|
|
|a UMI
|c UMI
|d UtOrBLW
|
| 086 |
0 |
|
|a T 26.2:B 64/5
|
| 099 |
|
|
|a T26.2-6
|
| 245 |
0 |
0 |
|a Information respecting U.S. bonds, paper currency and coin, production of precious metals, et cetera.
|
| 264 |
|
1 |
|a [Place of publication not identified] :
|b [publisher not identified],
|c 1915.
|
| 300 |
|
|
|a 1 online resource (106 pages)
|
| 336 |
|
|
|a text
|b txt
|2 rdacontent
|
| 337 |
|
|
|a computer
|b c
|2 rdamedia
|
| 338 |
|
|
|a online resource
|b cr
|2 rdacarrier
|
| 500 |
|
|
|a [With detailed data showing historical trends, and excerpts from relevant acts and regulations]
|
| 500 |
|
|
|a For related documents, see T1.4-42.52 and T1.4-44.52.
|
| 500 |
|
|
|a Includes index.
|
| 500 |
|
|
|a Record is based on bibliographic data in ProQuest U.S. Executive Branch Documents, 1910-1932. Reuse except for individual research requires license from ProQuest, LLC.
|
| 533 |
|
|
|a Electronic reproduction.
|b [Bethesda, Md.] :
|c ProQuest,
|d 2012.
|e digital, PDF file.
|n ProQuest U.S. Executive Branch Documents, 1910-1932.
|n Mode of access: World Wide Web via ProQuest website.
|
| 538 |
|
|
|a System requirements: PDF reader software.
|
| 500 |
|
|
|a Electronic resource.
|
| 650 |
|
0 |
|a Finance, Public
|z United States.
|0 http://id.loc.gov/authorities/subjects/sh85048288
|
| 655 |
|
7 |
|a Electronic books.
|2 local
|
| 710 |
1 |
|
|a United States.
|b Department of the Treasury.
|b Loans and Currency Division.
|
| 776 |
1 |
8 |
|i Microfiche version:
|t Information respecting U.S. bonds, paper currency and coin, production of precious metals, etc.
|d [Bethesda, Md.] : ProQuest,[2012]
|o CIS US Exec MF T26.2-6
|w (ProQuest)cis19111552
|
| 856 |
4 |
0 |
|u http://proxy.library.tamu.edu/login?url=https://congressional.proquest.com/congressional/docview/t66.d71.t26.2-6
|z Connect to the full text of this electronic document
|t 0
|
| 999 |
f |
f |
|s d6b76029-c73d-3d5b-98a9-101d18102107
|i afec2444-fdad-3ef7-a9d3-94b45c32caa8
|t 0
|
| 952 |
f |
f |
|a Texas A&M University
|b College Station
|c Electronic Resources
|s www_evans
|d Available Online
|t 0
|h No information provided
|
| 998 |
f |
f |
|t 0
|l Available Online
|